000 00877nam a22002657a 4500
005 20140901122027.0
010 _aENG-110683
020 _a9781259098031
_c725.00
020 _a1259098036
_c725.00
035 _aEN-94215
037 _bDBAD/PUB
082 _a658.049
100 _aHill, Charles W.L.
245 _aInternational business :
_cby Charles W.L. Hill [and] Arun Kumar Jain
_bcompeting in the global marketplace /
250 _a10th ed
260 _aNew Delhi
_bMcGraw Hill Education
_c2014
270 _aP-24, Green Park Extn.
_bNew Delhi
_e110016
300 _axxxvi,805p. :
_c26cm(pbk)
_bill.,maps
500 _aIncludes index
650 _a International business enterprises.
650 _aInternational economic relations.
650 _aCompetition, International.
700 _aJain, Arun Kumar
942 _2ddc
_cEN
_mHIL
_h658.049
999 _c88108
_d88108